| 000 | 00915nam a2200313Ia 4500 | ||
|---|---|---|---|
| 001 | Para_9911 | ||
| 003 | CHAP | ||
| 008 | 220125s2006 xx 000 0 und d | ||
| 010 | _a205295 | ||
| 020 | _a1 - 4020 - 3810 - 0 | ||
| 040 | _cCHAP | ||
| 082 | _aPA 581.1 P46 2006 | ||
| 245 |
_aPhotomorphogenesis in plants and bacteria / _c Eberhard Schafer, Ferenc Nagy |
||
| 260 |
_aNetherlands : _b Springer |
||
| 300 | _a662 p. | ||
| 500 | _aIncluye referencias bibliográficas e índice | ||
| 650 |
_aAnatomía de las plantas _9144151 |
||
| 650 |
_aBotanica _914477 |
||
| 650 |
_aEcología de las plantas _9171316 |
||
| 700 |
_aNagy, Ferenc, ed. _9171317 |
||
| 700 |
_aSchafer, Eberhard, ed. _9171318 |
||
| 901 | _aPA 581.1 P46 2006 | ||
| 902 | _aM | ||
| 905 | _a5232202006 8000000300 06 | ||
| 910 | _a2006 | ||
| 942 | _cPARA | ||
| 942 |
_cPARA _d1 |
||
| 999 |
_c205295 _d205295 |
||